000 00743nam a2200229 a 4500
005 20220623115620.0
008 010604s19912013mx 000 0 spa d
020 _a9682316553 (10 dígitos)
020 _a9789682316555 (13 dígitos)
035 _aUPN01000107467
049 _aCG
050 4 _aGN345
_bT6.58
100 1 _aTodorov, Tzvetan,
_d1939-
245 1 0 _aNosotros y los otros :
_breflexión sobre la diversidad humana /
_cpor Tzvetan todorov ; tr. de Martimur Ubasart.
260 _aMéxico :
_bSiglo XXI,
_c1991 (2013 impr.).
300 _a460 p.
440 0 _aTeoría
650 2 _aEtnología
_xFilosofía
_96166
650 4 _aETNOLOGIA -
_zFRANCIA -
_xHISTORIA
_919154
650 7 _aFilosofía francesa
_2
_911991
905 _aLibro
999 _c81379
_d81379